[Event "Viljandi Valgmae Memorial"]
[Site "Viljandi"]
[Date "2022.07.02"]
[Round "7"]
[White "Valgmae, Toomas"]
[Black "Maiorov, Nikita"]
[Result "1/2-1/2"]
[WhiteElo "2270"]
[BlackElo "2474"]
[PlyCount "83"]
[EventDate "2022.07.02"]
[EventType "swiss (rapid)"]
[EventRounds "9"]
[EventCountry "EST"]
[SourceTitle "CBM 209 Extra"]
[Source "ChessBase"]
[SourceDate "2022.09.30"]
[SourceVersion "1"]
[SourceVersionDate "2022.09.30"]
[SourceQuality "1"]

1. d4 Nf6 2. c4 e6 3. Nf3 b6 4. g3 Bb7 5. Bg2 Bb4+ 6. Nbd2 0-0 7. 0-0 d5 8. Ne5 Be7 9. Ndf3 h6 10. Bf4 a5 11. Rc1 c5 12. Qd3 Na6 13. a3 Ne4 14. Rfd1 Re8 15. Nd2 Nf6 16. Ndf3 Bf8 17. h4 Nc7 18. Nxf7 Kxf7 19. Ne5+ Kg8 20. Qg6 Re7 21. Bxh6 Qe8 22. Bf4 cxd4 23. h5 Qxg6 24. Nxg6 Rd7 25. Ne5 Rdd8 26. Rxd4 Bc5 27. Rdd1 Ne4 28. cxd5 exd5 29. b4 axb4 30. axb4 Bd6 31. Bxe4 dxe4 32. Rxd6 Rxd6 33. Rxc7 Rd1+ 34. Kg2 Bd5 35. Kh3 Be6+ 36. Kh4 Rf8 37. Kg5 Rf5+ 38. Kg6 Rf6+ 39. Kg5 Rf5+ 40. Kg6 Rf6+ 41. Kg5 Rf5+ 42. Kg6 1/2-1/2

[Event "Titled Tuesday intern op 28th Jun Early"]
[Site "Chess.com INT"]
[Date "2022.06.28"]
[Round "10"]
[White "Dushyant, Sharma"]
[Black "Maiorov, Nikita"]
[Result "0-1"]
[WhiteElo "2416"]
[BlackElo "2474"]
[PlyCount "76"]
[EventDate "2022.06.28"]
[EventType "swiss (blitz)"]
[EventRounds "11"]
[EventCountry "USA"]
[SourceTitle "CBM 209 Extra"]
[Source "ChessBase"]
[SourceDate "2022.09.30"]
[SourceVersion "1"]
[SourceVersionDate "2022.09.30"]
[SourceQuality "1"]

1. e4 c6 2. d4 d5 3. exd5 cxd5 4. Bd3 Nc6 5. c3 Nf6 6. Nf3 Bg4 7. Be3 e6 8. Nbd2 Bd6 9. 0-0 0-0 10. Qc2 Qc7 11. Rae1 h6 12. h3 Bxf3 13. Nxf3 a6 14. Re2 b5 15. Rfe1 Rfc8 16. Qb1 Bf4 17. Qc1 Bxe3 18. Qxe3 b4 19. Ne5 bxc3 20. bxc3 Nxe5 21. dxe5 Nd7 22. Rc1 Qc5 23. Qg3 Qa3 24. Rcc2 Qa4 25. Kh2 Nc5 26. Rcd2 Nxd3 27. Rxd3 Rc4 28. Rf3 Rac8 29. Rb2 Qd7 30. Rb6 R4c6 31. Rb4 Qc7 32. Rg4 g6 33. h4 Rc4 34. h5 Rxg4 35. Qxg4 Qxe5+ 36. Rg3 Rc4 37. Qd1 Rh4+ 38. Kg1 Qxh5 0-1